Mixing methods in social research qualitative, quantitative and combined method

保存先:
書誌詳細
第一著者: HALL, Ralph
フォーマット: 図書
言語:英語
出版事項: SAGE 2020
タグ: タグ追加
タグなし, このレコードへの初めてのタグを付けませんか!

MARC

LEADER 00000nam a22000007a 4500
008 240515b |||||||| |||| 00| 0 eng d
020 |a 97881446282021 
100 |a HALL, Ralph 
245 |a Mixing methods in social research  |b qualitative, quantitative and combined method  |c /Ralph Hall  |g ix, 257p 
260 |b SAGE  |c 2020  |h Los Angeles  |i 700071  |i 700072  |l HM741.H14  |m Sociology- Research-Mehodology  |m Social sciences-Network analysis 
500 |a it includes references and index 
942 |a lcc  |c BK  |e Johnson  |f 15/05/24 
952 |0 0  |1 0  |2 lcc  |4 0  |6 HM0741 H14  |7 0  |9 5112  |a SSL  |b HOL  |c GJ  |d 2024-05-15  |l 0  |o HM741.H14  |p 2024-0359  |r 2024-05-15 00:00:00  |t 700071  |w 2024-05-15  |y BK 
952 |0 0  |1 0  |2 lcc  |4 0  |6 HM0741 H14  |7 0  |9 5113  |a HOL  |b HOL  |c GJ  |d 2024-05-15  |l 0  |o HM741.H14  |p 2024-0360  |r 2024-05-15 00:00:00  |t 700072  |w 2024-05-15  |y BK 
999 |c 2539  |d 2539